La confesión de un hijo del siglo / (Record no. 187706)
[ view plain ]
| 000 -LEADER | |
|---|---|
| campo de control de longitud fija | 00716nam a2200193 i 4500 |
| 001 - NÚMERO DE CONTROL | |
| campo de control | 187706 |
| 003 - IDENTIFICADOR DE NÚMERO DE CONTROL | |
| campo de control | ES-MaACL |
| 005 - FECHA Y HORA DE LA ÚLTIMA TRANSACCIÓN | |
| campo de control | 20260307063017.0 |
| 008 - DATOS DE LONGITUD FIJA--INFORMACIÓN GENERAL | |
| campo de control de longitud fija | 180126q1922 sp |||| |dspa d |
| 080 ## - NÚMERO DE LA CLASIFICACIÓN DECIMAL UNIVERSAL | |
| Número de la Clasificación Decimal Universal | 821.133.1-31"18" |
| 100 ## - ENTRADA PRINCIPAL--NOMBRE DE PERSONA | |
| Nombre de persona | Musset, Alfred de, |
| Fechas asociadas al nombre | 1810-1857 |
| 9 (RLIN) | 223345 |
| 245 13 - MENCIÓN DEL TÍTULO | |
| Título | La confesión de un hijo del siglo / |
| Mención de responsabilidad, etc. | Alfredo de Musset ; traducción de T. Orts-Ramos. |
| 260 ## - PUBLICACIÓN, DISTRIBUCIÓN, ETC. | |
| Lugar de publicación, distribución, etc. | Barcelona : |
| Nombre del editor, distribuidor, etc. | Feliu y Susanna, |
| Fecha de publicación, distribución, etc. | [ca.1922] |
| 300 ## - DESCRIPCIÓN FÍSICA | |
| Extensión | 359 p. ; |
| Dimensiones | 20 cm. |
| 596 ## - NOTA AL PIE DE IMPRENTA | |
| NOTA AL PIE DE IMPRENTA | En contracub. consta: "Feliu y Susana" |
| 700 1# - ENTRADA AGREGADA--NOMBRE PERSONAL | |
| Nombre de persona | Orts Ramos, Tomás, |
| Fechas asociadas al nombre | 1866-1939 |
| 9 (RLIN) | 150116 |
| 852 4# - LOCALIZACIÓN | |
| Ubicación | ES-MaACL |
| Número de control de estantería | L-31871 |
| Nota libre | - Donat. herederos de la bibl. de Mª del Pilar Costa Palacín |
| Estatus retirado | Estado de pérdida | Estado de daño | No para préstamo | Biblioteca de origen | Biblioteca actual | Ubicación en estantería | Fecha de adquisición | Fuente de adquisición | Total de préstamos | Signatura topográfica completa | Código de barras | Visto por última vez | Precio de reemplazo | Tipo de ítem Koha |
|---|---|---|---|---|---|---|---|---|---|---|---|---|---|---|
| Biblioteca del Ateneo de Madrid | Biblioteca del Ateneo de Madrid | Depósito 2 | 26/01/2018 | L-31871 | 1198293 | 23/02/2023 | 23/02/2023 | Libro impreso |
